[Event "Berlin Hellersdorf op"]
[Site "Berlin"]
[Date "2010.01.10"]
[Round "5"]
[White "Burkert, Wolfgang"]
[Black "Eisfeld, Daniel"]
[Result "1-0"]
[WhiteElo "1315"]
[BlackElo "963"]
[PlyCount "61"]
[EventDate "2010.01.08"]
[EventType "swiss"]
[EventRounds "5"]
[EventCountry "GER"]
[SourceTitle "EXT 2012"]
[Source "ChessBase"]
[SourceDate "2011.11.24"]
[SourceVersion "1"]
[SourceVersionDate "2011.11.24"]
[SourceQuality "1"]

1. e4 e5 2. Nf3 Nc6 3. Bb5 Bc5 4. Nc3 a6 5. Bc4 b5 6. Bb3 d6 7. a4 b4 8. Bd5 Bd7 9. Ne2 Nf6 10. d4 exd4 11. Nexd4 0-0 12. Nxc6 Bxc6 13. Bxc6 Rb8 14. 0-0 Rb6 15. Bd5 a5 16. Bg5 h6 17. Bh4 c6 18. Bc4 d5 19. exd5 cxd5 20. Bxf6 Qxf6 21. Qxd5 Qe7 22. Rad1 Rbb8 23. Qe5 Qxe5 24. Nxe5 Rbe8 25. Nd7 Kh8 26. Nxf8 Rxf8 27. Rd7 Kg8 28. Rfd1 g6 29. Rd8 h5 30. Rxf8+ Bxf8 31. Rd5 1-0

[Event "Berlin Hellersdorf op"]
[Site "Berlin"]
[Date "2010.01.10"]
[Round "4"]
[White "Eisfeld, Daniel"]
[Black "Torzinski, Nils"]
[Result "0-1"]
[WhiteElo "963"]
[BlackElo "1464"]
[PlyCount "102"]
[EventDate "2010.01.08"]
[EventType "swiss"]
[EventRounds "5"]
[EventCountry "GER"]
[SourceTitle "EXT 2012"]
[Source "ChessBase"]
[SourceDate "2011.11.24"]
[SourceVersion "1"]
[SourceVersionDate "2011.11.24"]
[SourceQuality "1"]

1. e4 e5 2. Nf3 Nc6 3. Bc4 Bc5 4. d3 h6 5. Nc3 Nf6 6. Nd5 d6 7. Nc3 Bg4 8. h3 Bh5 9. g4 Bg6 10. Qe2 Qd7 11. Be3 Bb6 12. 0-0-0 0-0-0 13. Bxb6 axb6 14. d4 Qe8 15. d5 Nb8 16. Bb5 c6 17. dxc6 bxc6 18. Ba6+ Kd7 19. Bc4 Ke7 20. Nh4 Bh7 21. Rhg1 Kf8 22. g5 hxg5 23. Rxg5 Bxe4 24. Nxe4 Rxh4 25. Nxf6 gxf6 26. Rh5 Rxh5 27. Qxh5 d5 28. Qh8+ Ke7 29. Qxe8+ Rxe8 30. Be2 Rh8 31. Rh1 f5 32. h4 Nd7 33. Kd2 d4 34. c3 dxc3+ 35. Kxc3 Nf6 36. Kb4 Ne4 37. Rh2 Nf6 38. Rh3 Nd5+ 39. Kc4 Nf4 40. Re3 Rxh4 41. Kc3 Nd5+ 42. Kd2 Nxe3 43. fxe3 Rh2 44. a4 c5 45. b3 Kd6 46. Kd3 Rxe2 47. Kxe2 f4 48. e4 f6 49. Kf3 c4 50. b4 c3 51. Ke2 f3+ 0-1

[Event "Berlin Hellersdorf op"]
[Site "Berlin"]
[Date "2010.01.09"]
[Round "3"]
[White "Eisfeld, Daniel"]
[Black "Bandsom, Olaf"]
[Result "0-1"]
[WhiteElo "963"]
[BlackElo "1657"]
[PlyCount "56"]
[EventDate "2010.01.08"]
[EventType "swiss"]
[EventRounds "5"]
[EventCountry "GER"]
[SourceTitle "EXT 2012"]
[Source "ChessBase"]
[SourceDate "2011.11.24"]
[SourceVersion "1"]
[SourceVersionDate "2011.11.24"]
[SourceQuality "1"]

1. e4 e5 2. Nf3 Nc6 3. Bc4 Bc5 4. d3 h6 5. Nc3 Nf6 6. Qe2 0-0 7. Nd5 d6 8. Nxf6+ Qxf6 9. Be3 Bb6 10. Bxb6 axb6 11. a3 Bg4 12. 0-0-0 Nd4 13. Qe3 b5 14. Ba2 b4 15. b3 Rxa3 16. Kb2 Nxc2 17. Kxc2 Rxa2+ 18. Kc1 Rfa8 19. Rhf1 R8a6 20. h3 Be6 21. Rg1 Bxb3 22. Rd2 Ra1+ 23. Kb2 R1a2+ 24. Kc1 Rc6+ 25. Kb1 Qe6 26. Rc1 Bc2+ 27. Rcxc2 Rcxc2 28. Rxc2 Qb3+ 0-1

[Event "Berlin Hellersdorf op"]
[Site "Berlin"]
[Date "2010.01.09"]
[Round "2"]
[White "Lischeid, Kilian"]
[Black "Eisfeld, Daniel"]
[Result "0-1"]
[WhiteElo "1168"]
[BlackElo "963"]
[PlyCount "78"]
[EventDate "2010.01.08"]
[EventType "swiss"]
[EventRounds "5"]
[EventCountry "GER"]
[SourceTitle "EXT 2012"]
[Source "ChessBase"]
[SourceDate "2011.11.24"]
[SourceVersion "1"]
[SourceVersionDate "2011.11.24"]
[SourceQuality "1"]

1. e4 e5 2. Nf3 Nc6 3. d4 exd4 4. Nxd4 Bc5 5. Nxc6 bxc6 6. Nc3 Bb4 7. Bc4 Nf6 8. Bg5 h6 9. Bh4 g5 10. Bg3 Nxe4 11. Qd4 Bxc3+ 12. bxc3 Nf6 13. Be5 Qe7 14. 0-0 c5 15. Bxf6 cxd4 16. Bxe7 Kxe7 17. Rfe1+ Kf6 18. cxd4 d6 19. Rab1 Bf5 20. Re2 Rhe8 21. Rbe1 Rxe2 22. Rxe2 Rb8 23. h3 Rb2 24. Bb3 c5 25. dxc5 dxc5 26. g4 Be6 27. Bxe6 fxe6 28. Re3 Rxa2 29. c4 a5 30. Kf1 a4 31. Ke1 Rc2 32. f3 Rxc4 33. Kd2 Rb4 34. Kc2 c4 35. Kd2 Rb3 36. Rxb3 axb3 37. Kc3 e5 38. Kb2 e4 39. fxe4 Ke5 0-1